| 000 | 01086nam a22002775a 4500 | ||
|---|---|---|---|
| 003 | OSt | ||
| 005 | 20170305112827.0 | ||
| 008 | 170305s1987 ua frb 000 0 ara d | ||
| 015 | _a87 / 1515 | ||
| 040 |
_aEG-ScBUE _bara _cEG-ScBUE |
||
| 082 | 0 | 4 |
_a344.04194 _bش ر ف _222 |
| 082 | 0 | 4 |
_a297.266 _bش ر ف _222 |
| 100 | 1 | _aشرف الدين، أحمد. | |
| 245 | 1 | 2 |
_aالأحكام الشرعية للأعمال الطبية / _cتأليف أحمد شرف الدين ؛ تصدير محمد سيد طنطاوي، حسان حتحوت. |
| 250 | _aط. 2. | ||
| 260 |
_a[د. م. : _bد. ن.]، _c1987. |
||
| 300 |
_a242 ص. ؛ _c24 سم. |
||
| 504 | _aيشتمل على إرجاعات ببليوجرافية. | ||
| 650 | 7 |
_aالإسلام والطب. _2BUEsh |
|
| 650 | 7 |
_aالأحكام الشرعية. _2BUEsh _917684 |
|
| 650 | 7 |
_aزراعة الأعضاء والأنسجة (فقه إسلامي) _2BUEsh _941041 |
|
| 650 | 7 |
_aزراعة الأعضاء والأنسجة _xقوانين وتشريعات. _2BUEsh |
|
| 651 | _2BUEsh | ||
| 653 |
_bLLAAWW _cMarch2017 |
||
| 942 | _2ddc | ||
| 999 |
_c24311 _d24283 |
||